A Better Way to Avoid Project Delays
Mnohé organizácie odhadujú časové dokončenie projektu nepresne. Príklady prác z minulého projektu však môžu zlepšiť jeho včasné ukončenie.
Salvato in:
| Autore principale: | |
|---|---|
| Altri autori: | , |
| Natura: | Capitolo di libro |
| Lingua: | inglese |
| Soggetti: | |
| Tags: |
Nessun Tag, puoi essere il primo ad aggiungerne!!
|
MARC
| LEADER | 00000naa a2200000 4500 | ||
|---|---|---|---|
| 001 | 0306947 | ||
| 005 | 20260126152802.2 | ||
| 041 | 0 | |a eng | |
| 044 | |a US | ||
| 245 | 1 | 0 | |a A Better Way to Avoid Project Delays |c Matej Lorko, Maroš Servátka, Le Zhang |
| 520 | |a Mnohé organizácie odhadujú časové dokončenie projektu nepresne. Príklady prác z minulého projektu však môžu zlepšiť jeho včasné ukončenie. | ||
| 610 | 2 | 0 | |a manažment |
| 610 | 2 | 0 | |a projekty |
| 610 | 2 | 0 | |a čas |
| 610 | 2 | 0 | |a čas výrobný |
| 610 | 2 | 0 | |a organizácia času |
| 610 | 2 | 0 | |a organizácie |
| 610 | 2 | 0 | |a nepresnosť štatistická |
| 100 | 1 | |a Lorko, Matej, 1987- | |
| 700 | 1 | |a Servátka, Maroš, 1976- | |
| 700 | 1 | |a Zhang, Le | |